SMITE General Knowledge #1 - Statistics

General Stats
  • This quiz has been taken 198 times
    197 since last reset
  • The average score is 9 of 16
Answer Stats
Question Answer % Correct
What year did SMITE officialy release? 2014
97%
Which company published and developes SMITE? Hi-Rez Studios
94%
How many pantheons are in SMITE? 13
83%
How many official game modes are there in SMITE, with out including the MOTD? 6
79%
Whose title is "The Howler Monkey God"? Hun Batz
78%
How many gods are there in SMITE? 101
75%
Whose ultimate is "Assassinate"? Loki
72%
Which console is the newest part of the SMITE family? Nintendo Switch
69%
What was Kukulkan's original name? Ao Kuang
59%
Who was the 100th god? Merlin
55%
What is the newest pantheon called? Arthurian
49%
Who are the next two upcoming gods? Horus and Set
38%
Which pro player passed away in 2017, after a long battle against cancer? Allied
28%
Who has made the most prize money in SMITE? BaRRaCCuDDa
25%
Which team is the current SMITE World Champion? Splyce
19%
Who hosts SMITE's Patch Notes show? Hinduman
14%
No matching quizzes found
Score Distribution
Percent of People with Each Score
Percentile by Number Answered
Your Score History
You have not taken this quiz since the last reset